00334nam a2200121Ia 450000500170000000800410001708200130005810000180007124500250008926000380011430000130015250000470016520250313143638.0240331s9999 xx 000 0 und d bIDDa894 aIddamaguru, S 0aVedangal :borr aivu aChennaibAlaikal Publishersc1994 a144 p ., aVedhangal patriye mukkiyathuvam, Varalarum